000 00496nam a2200181Ia 4500
001 25219
005 20260414151135.0
008 260414t2007||||xx |||||||||||||| ||spa||
041 _aESP
082 _a346.4
_bR21 T. 1
100 _aRamírez Cruz, Eugenio María
_eAUT
245 0 _aTratado de derechos reales :
_bteoría general de los derechos reales. Bienes - Poseción
260 _c2007
300 _apágs. :
_c24 cm.
650 _aDER
654 _aCDE
942 _cLIB
_dJUS
_fJUS
_2ddc
_n
999 _c25219
_d25219